banner-ar

مبادئ الرياضيات الاقتصادية : (Record no. 43356)

MARC details
000 -الفاتح
حقل البيانات ثابتة الطول 00686nam a2200169Ia 4500
005 - وقت وتاريخ اخر تعامل مع التسجيلة
رقم الضبط 20240530103914.0
008 - عناصر البيانات ثابتة الطول - معلومات عامة
حقل البيانات ثابتة الطول 140319s9999 xx 000 0 ara d
040 ## - مصدر الفهرسة
وكالة الفهرسة الأصلية GCL /
وكالة النسخ GCL
082 04 - رقم تصنيف ديوى العشرى
رقم التصنيف 511.2
رقم المادة أ م
100 1# - المدخل الرئيسى - إسم شخصى
الإسم الشخصى ابراهيم رياض غبريال
245 10 - بيان العنوان
العنوان مبادئ الرياضيات الاقتصادية :
بقية العنوان الجبر والبرمجة الخطية : الرياضيات المالية : نظرية الاحتمالات : حساب التفاصيل والتكامل /
بيان المسئوليه,etc ابراهيم رياض غبريال
260 ## - PUBLICATION, DISTRIBUTION, ETC. (IMPRINT)
تاريخ النشر أو التوزيع 1995
300 ## - الوصف المادى
التعداد 667
490 ## - بيان السلسلة
عنوان السلسلة تعلم نفسك
رقم المجلد/ التعيين التسلسلي 0
942 ## - عناصر المدخل الإضافي( كوها)
مصدر التصنيف او مخطط الترفيف Dewey Decimal Classification
Koha [default] item type كتاب
260 ## - PUBLICATION, DISTRIBUTION, ETC. (IMPRINT)
-- القاهرة :
-- الجامعة المفتوحة ،
Holdings
حالة التراجع حالة الفقد حالة تلف ليس للاعارة المكان المؤقت الموقع الحالى تاريخ الاكتساب اجمالي اﻻعارات رقم الطلب الباركود تاريخ اخر مشاهدة تاريخ تفعيل السعر نوع وعاء كوها
        مكتبة القاهرة الكبرى مكتبة القاهرة الكبرى 03/26/2014   511.2\إ م 104920 03/26/2014 03/26/2014 كتاب
        مكتبة القاهرة الكبرى مكتبة القاهرة الكبرى 03/26/2014   511.2\إ م 104921 03/26/2014 03/26/2014 كتاب
        مكتبة القاهرة الكبرى مكتبة القاهرة الكبرى 03/26/2014   511.2\إ م 104922 03/26/2014 03/26/2014 كتاب

Powered By

EGPV